Statistics for Finnish Regions Quiz

Click here to take the quiz!

General Stats

  • This quiz has been taken 31 times
  • The average score is 5 of 19

Answer Stats

Answer% Correct
Lapland
84%
Uusimaa
72%
Åland
36%
Central Finland
28%
Ostrobothnia
28%
Satakunta
28%
South Karelia
28%
North Karelia
24%
Kainuu
20%
Northern Ostrobothnia
20%
Pirkanmaa
20%
Central Ostrobothnia
16%
Kymenlaakso
16%
Southern Ostrobothnia
16%
Northern Savonia
12%
Southern Savonia
12%
Finland Proper
8%
Päijänne Tavastia
0%
Tavastia Proper
0%

Score Distribution

Percentile by Number Answered

Percent of People with Each Score

Your Score History

You have not taken this quiz